Siniša Mihajlović' Fiorentina - Statistics

General Stats
  • This quiz has been taken 5 times
  • The average score is 20 of 40
Answer Stats
Rank Player Position Nationality Matches Goals Assists % Correct
3 Alberto Gilardino Centre-Forward 43 14 5
100%
21 Stevan Jovetić Second Striker 11 5 2
100%
11 Adem Ljajić Attacking Midfield 31 3 7
80%
5 Artur Boruc Goalkeeper 38 0 0
80%
10 Juan Manuel Vargas Left-Back 31 4 9
80%
14 Marco Marchionni Right Midfield 26 2 2
80%
4 Riccardo Montolivo Defensive Midfield 39 2 3
80%
22 Sébastien Frey Goalkeeper 11 0 0
80%
19 Adrian Mutu Left Winger 20 4 2
60%
1 Alessandro Gamberini Centre-Back 47 1 1
60%
29 Cristiano Zanetti Defensive Midfield 7 0 0
60%
2 Manuel Pasqual Left-Back 45 1 3
60%
15 Per Kröldrup Centre-Back 22 0 0
60%
13 Valon Behrami Defensive Midfield 27 0 5
60%
6 Alessio Cerci Right Winger 36 12 4
40%
39 Amidu Salifu Central Midfield 1 0 0
40%
28 Andrea Lazzari Central Midfield 7 1 1
40%
9 Cesare Natali Centre-Back 31 0 0
40%
37 Federico Carraro Defensive Midfield 1 0 1
40%
31 Felipe Centre-Back 6 0 0
40%
17 Gaetano D'Agostino Central Midfield 21 5 2
40%
16 Gianluca Comotto Right-Back 22 0 0
40%
25 Gianni Munari Central Midfield 8 0 1
40%
35 Haris Seferovic Centre-Forward 3 0 0
40%
26 Houssine Kharja Central Midfield 8 0 1
40%
18 Khouma Babacar Centre-Forward 21 2 2
40%
7 Lorenzo De Silvestri Right-Back 34 1 0
40%
8 Marco Donadel Defensive Midfield 31 1 0
40%
20 Mario Bolatti Defensive Midfield 13 0 0
40%
12 Mario Santana Right Winger 30 5 4
40%
34 Matija Nastasić Centre-Back 3 0 0
40%
30 Mattia Cassani Right-Back 6 0 0
40%
23 Michele Camporese Centre-Back 11 1 0
40%
36 N'Diaye Papa Waigo Right Winger 2 0 0
40%
24 Nikola Gulan Defensive Midfield 9 0 0
40%
32 Rômulo Central Midfield 5 0 0
40%
27 Santiago Silva Centre-Forward 8 0 0
40%
33 Vlada Avramov Goalkeeper 3 0 0
40%
40 Cristiano Piccini Centre-Back 1 0 0
20%
38 Federico Masi Centre-Back 1 0 0
20%
No matching quizzes found
Score Distribution
Percent of People with Each Score
Percentile by Number Answered
Your Score History
You have not taken this quiz